000 00454nam a2200181Ia 4500
001 541
003 IN-NITTTR
005 20251114232858.0
008 251113s9999||||xx |||||||||||||| ||eng||
040 _beng
040 _cIN-NITTTR
041 _aeng
082 _a628.4 T82M
100 _aTuladhar, Kula Ratna
245 0 _aManual of sanitary engineering /
_cTuladhar, Kula Ratna, Sharma, Ram Krishna
700 _a Sharma, Ram Krishna
942 _2ddc
_cBK
999 _c79
_d79